[Event "AUS-ch Major"]
[Site "Cammeray"]
[Date "2018.01.06"]
[Round "6"]
[White "Watson, James"]
[Black "Stokes, Mark"]
[Result "1-0"]
[WhiteElo "1791"]
[BlackElo "1780"]
[PlyCount "45"]
[EventDate "2018.01.02"]
[EventType "swiss"]
[EventRounds "11"]
[EventCountry "AUS"]
[SourceTitle "CBM 182 Extra"]
[Source "ChessBase"]
[SourceDate "2018.02.23"]
[SourceVersion "1"]
[SourceVersionDate "2018.02.23"]
[SourceQuality "1"]

1. d4 d6 2. c4 Nd7 3. Nc3 e5 4. Nf3 Be7 5. e4 c6 6. Be2 Qc7 7. 0-0 h6 8. Be3 Ngf6 9. d5 g5 10. b4 Nf8 11. Nd2 Ng6 12. c5 Nf4 13. Bc4 a6 14. a4 dxc5 15. b5 cxd5 16. exd5 a5 17. b6 Qxb6 18. Bb5+ Bd7 19. Nc4 Qd8 20. d6 Bf8 21. Nxe5 b6 22. Bxf4 gxf4 23. Nxd7 1-0

[Event "AUS-ch Major"]
[Site "Cammeray"]
[Date "2018.01.02"]
[Round "1"]
[White "Gong, Noah"]
[Black "Watson, James"]
[Result "1-0"]
[WhiteElo "1183"]
[BlackElo "1791"]
[PlyCount "50"]
[EventDate "2018.01.02"]
[EventType "swiss"]
[EventRounds "11"]
[EventCountry "AUS"]
[SourceTitle "CBM 182 Extra"]
[Source "ChessBase"]
[SourceDate "2018.02.23"]
[SourceVersion "1"]
[SourceVersionDate "2018.02.23"]
[SourceQuality "1"]

1. d4 Nf6 2. c4 c5 3. d5 b5 4. cxb5 a6 5. bxa6 g6 6. Nc3 Bxa6 7. Nf3 Bg7 8. g3 0-0 9. Bg2 d6 10. Rb1 Qa5 11. 0-0 Nbd7 12. Qc2 Nb6 13. Rd1 Nfd7 14. a3 c4 15. Nd4 Bb7 16. b4 cxb3 17. Qxb3 Rab8 18. Bb2 Rfc8 19. Ncb5 Nc5 20. Qa2 Nca4 21. Ba1 Rc5 22. Nxd6 exd6 23. Nb3 Qa7 24. Nxc5 Nxc5 25. Bxg7 Kxg7 1-0

[Event "Doeberl Cup Premier 51st"]
[Site "Canberra"]
[Date "2013.03.30"]
[Round "5"]
[White "Watson, James"]
[Black "Stojic, Svetozar"]
[Result "0-1"]
[WhiteElo "2111"]
[BlackElo "1993"]
[PlyCount "74"]
[EventDate "2013.03.28"]
[EventType "swiss"]
[EventRounds "9"]
[EventCountry "AUS"]
[SourceTitle "EXT 2023"]
[Source "ChessBase"]
[SourceDate "2022.10.05"]
[SourceVersion "1"]
[SourceVersionDate "2022.10.05"]
[SourceQuality "1"]

1. e4 c5 2. Nf3 Nf6 3. d3 d6 4. g3 Nc6 5. Bg2 e5 6. 0-0 h6 7. c3 Be7 8. Re1 0-0 9. Nbd2 Be6 10. b3 Rb8 11. Bb2 b5 12. d4 Bg4 13. h3 Bh5 14. g4 Bg6 15. Nh4 Bh7 16. Nf5 b4 17. dxc5 dxc5 18. Nc4 Qc7 19. cxb4 Rfd8 20. Qe2 cxb4 21. Rac1 Nd4 22. Bxd4 exd4 23. e5 d3 24. Qd2 Nd5 25. Nce3 Nc3 26. Nd5 Bg5 27. f4 Qc5+ 28. Kh2 Bxf5 29. fxg5 Rxd5 30. gxf5 Rxe5 31. Qxd3 hxg5 32. Rxe5 Qxe5+ 33. Kh1 Nxa2 34. Rc4 Nc3 35. Rd4 Ne2 36. Rd5 Qa1+ 37. Kh2 Qg1# 0-1

[Event "Doeberl Cup Premier 51st"]
[Site "Canberra"]
[Date "2013.03.28"]
[Round "1"]
[White "Watson, James"]
[Black "Stany, George Anthony"]
[Result "0-1"]
[WhiteElo "2111"]
[BlackElo "2449"]
[PlyCount "52"]
[EventDate "2013.03.28"]
[EventType "swiss"]
[EventRounds "9"]
[EventCountry "AUS"]
[SourceTitle "CBM 153 Extra"]
[Source "ChessBase"]
[SourceDate "2013.04.22"]
[SourceVersion "1"]
[SourceVersionDate "2013.04.22"]
[SourceQuality "1"]

1. e4 g6 2. d4 Bg7 3. Nc3 d6 4. f4 c6 5. Nf3 d5 6. e5 h5 7. Be3 Nh6 8. Qd2 Bg4 9. Be2 e6 10. Bf2 Nf5 11. h3 Bxf3 12. Bxf3 h4 13. 0-0-0 Nd7 14. Bg4 Bf8 15. Ne2 Nb6 16. g3 Nc4 17. Qc3 a5 18. Bxf5 gxf5 19. g4 a4 20. gxf5 exf5 21. Rdg1 Qb6 22. Be1 Ra5 23. b3 axb3 24. cxb3 Rxa2 25. bxc4 Ba3+ 26. Kd1 Qb1+ 0-1

[Event "Doeberl Cup 48th"]
[Site "Canberra"]
[Date "2010.04.04"]
[Round "8"]
[White "Wang, Oscar Miao"]
[Black "Watson, James"]
[Result "0-1"]
[WhiteElo "1943"]
[BlackElo "2112"]
[PlyCount "62"]
[EventDate "2010.04.01"]
[EventType "swiss"]
[EventRounds "9"]
[EventCountry "AUS"]
[SourceTitle "CBM 135 Extra"]
[Source "ChessBase"]
[SourceDate "2010.05.04"]
[SourceVersion "1"]
[SourceVersionDate "2010.05.04"]
[SourceQuality "1"]

1. e4 e6 2. d4 d5 3. e5 c5 4. c3 Nc6 5. Nf3 Qb6 6. Be2 Nh6 7. Na3 cxd4 8. cxd4 Bb4+ 9. Kf1 Bxa3 10. bxa3 Nf5 11. Be3 Nxe3+ 12. fxe3 0-0 13. Qd2 f6 14. exf6 Rxf6 15. Kg1 Bd7 16. g3 Be8 17. Kg2 Bg6 18. Rac1 Be4 19. Rhf1 Raf8 20. Qc3 Qc7 21. Rf2 Qf7 22. Rcf1 Qh5 23. Qd2 g5 24. h3 g4 25. hxg4 Qxg4 26. Bd1 Kh8 27. Qe2 Rg8 28. Kg1 Qxg3+ 29. Rg2 Qh3 30. Rff2 Rxg2+ 31. Rxg2 Bxf3 0-1

[Event "Sydney op-A"]
[Site "Parramatta"]
[Date "2009.04.18"]
[Round "8"]
[White "Watson, James"]
[Black "Stojic, Dusan"]
[Result "1-0"]
[WhiteElo "2101"]
[BlackElo "2229"]
[PlyCount "73"]
[EventDate "2009.04.15"]
[EventType "swiss"]
[EventRounds "9"]
[EventCountry "AUS"]
[SourceTitle "CBM 129 Extra"]
[Source "ChessBase"]
[SourceDate "2009.05.05"]
[SourceVersion "2"]
[SourceVersionDate "2009.05.20"]
[SourceQuality "1"]

1. e4 c5 2. Nc3 d6 3. f4 Nc6 4. Nf3 g6 5. Bc4 Bg7 6. 0-0 Nf6 7. d3 Nd4 8. Nxd4 cxd4 9. Nd5 Nxd5 10. Bxd5 0-0 11. f5 e6 12. fxe6 fxe6 13. Rxf8+ Qxf8 14. Bb3 Bd7 15. Qe2 b5 16. Bd2 a5 17. a4 b4 18. Qf2 Qe7 19. Bf4 g5 20. Bd2 Rf8 21. Qe2 h6 22. Rf1 Kh8 23. Rxf8+ Qxf8 24. Qh5 Qf6 25. h4 gxh4 26. Qxa5 h3 27. Qh5 hxg2 28. Kxg2 Kh7 29. a5 Qf8 30. Bxb4 Be5 31. Qg4 Qf7 32. Bd2 Bc8 33. a6 h5 34. Qg5 Bf6 35. Qh6+ Kg8 36. a7 Bg7 37. Bxe6 1-0

[Event "Sydney op-A"]
[Site "Parramatta"]
[Date "2009.04.16"]
[Round "3"]
[White "Watson, James"]
[Black "Mahmud, Syarif"]
[Result "1/2-1/2"]
[WhiteElo "2101"]
[BlackElo "2373"]
[PlyCount "45"]
[EventDate "2009.04.15"]
[EventType "swiss"]
[EventRounds "9"]
[EventCountry "AUS"]
[SourceTitle "CBM 129 Extra"]
[Source "ChessBase"]
[SourceDate "2009.05.05"]
[SourceVersion "2"]
[SourceVersionDate "2009.05.20"]
[SourceQuality "1"]

1. e4 c5 2. Nc3 Nc6 3. f4 g6 4. Nf3 Bg7 5. Bb5 Nd4 6. 0-0 e6 7. Nxd4 Bxd4+ 8. Kh1 a6 9. Bd3 d6 10. f5 Ne7 11. Qf3 exf5 12. exf5 Nxf5 13. Bxf5 Bxf5 14. Qxb7 0-0 15. d3 Re8 16. Qf3 Rb8 17. Nd1 Qh4 18. Bf4 Bg4 19. Qd5 Re1 20. Ne3 Rxa1 21. Rxa1 Rxb2 22. Rf1 Be6 23. Qa8+ 1/2-1/2

[Event "Sydney op-A"]
[Site "Parramatta"]
[Date "2009.04.15"]
[Round "2"]
[White "Akshayraj, Kore"]
[Black "Watson, James"]
[Result "1/2-1/2"]
[WhiteElo "2404"]
[BlackElo "2101"]
[PlyCount "82"]
[EventDate "2009.04.15"]
[EventType "swiss"]
[EventRounds "9"]
[EventCountry "AUS"]
[SourceTitle "CBM 129 Extra"]
[Source "ChessBase"]
[SourceDate "2009.05.05"]
[SourceVersion "2"]
[SourceVersionDate "2009.05.20"]
[SourceQuality "1"]

1. e4 d5 2. exd5 Nf6 3. d4 Bg4 4. Bb5+ Nbd7 5. f3 Bf5 6. c4 a6 7. Ba4 b5 8. cxb5 Nxd5 9. bxa6 Rxa6 10. Ne2 e6 11. 0-0 Bd6 12. Nbc3 0-0 13. Nxd5 exd5 14. Bf4 Re8 15. Bxd6 Rxd6 16. Ng3 Bg6 17. Qd2 Ree6 18. Bxd7 Qxd7 19. Rfc1 h5 20. Qg5 Qa4 21. Rd1 Rc6 22. Rd2 Qa5 23. a3 Rb6 24. Rad1 Rb3 25. h4 Reb6 26. Qd8+ Kh7 27. Qxc7 Qb5 28. Ne2 Rxb2 29. Nc3 Rxd2 30. Rxd2 Qb3 31. Nxd5 Re6 32. Qc5 Qb1+ 33. Kh2 Qe1 34. Nf4 Qxd2 35. Nxe6 fxe6 36. Qe5 Bf5 37. a4 Qf2 38. Qf4 Qa2 39. Qg5 Qxa4 40. Qxh5+ Kg8 41. d5 Qf4+ 1/2-1/2

[Event "Sydney op-A"]
[Site "Parramatta"]
[Date "2008.03.29"]
[Round "9"]
[White "Fuatai, Fuatai"]
[Black "Watson, James"]
[Result "0-1"]
[WhiteElo "2087"]
[BlackElo "1923"]
[PlyCount "42"]
[EventDate "2008.03.25"]
[EventType "swiss"]
[EventRounds "9"]
[EventCountry "AUS"]
[SourceTitle "EXT 2023"]
[Source "ChessBase"]
[SourceDate "2022.10.05"]
[SourceVersion "1"]
[SourceVersionDate "2022.10.05"]
[SourceQuality "1"]

1. e4 d5 2. exd5 Nf6 3. Bb5+ Bd7 4. Be2 Nxd5 5. c4 Nf4 6. Bf1 Bc6 7. f3 e5 8. d3 Bc5 9. Bxf4 exf4 10. Qe2+ Be3 11. Nh3 0-0 12. Nc3 Re8 13. Kd1 Bd7 14. Qc2 Nc6 15. Nd5 Nd4 16. Qc3 Bxh3 17. gxh3 c6 18. Nxe3 Rxe3 19. Kd2 c5 20. Rd1 Rxf3 21. Kc1 Rxf1 0-1

[Event "Sydney op-A"]
[Site "Parramatta"]
[Date "2008.03.27"]
[Round "4"]
[White "Stojic, Svetozar"]
[Black "Watson, James"]
[Result "0-1"]
[WhiteElo "1995"]
[BlackElo "1923"]
[PlyCount "46"]
[EventDate "2008.03.25"]
[EventType "swiss"]
[EventRounds "9"]
[EventCountry "AUS"]
[SourceTitle "EXT 2023"]
[Source "ChessBase"]
[SourceDate "2022.10.05"]
[SourceVersion "1"]
[SourceVersionDate "2022.10.05"]
[SourceQuality "1"]

1. e4 d5 2. exd5 Nf6 3. d4 Bg4 4. Nf3 Qxd5 5. Be2 Nc6 6. h3 Bxf3 7. Bxf3 Qd7 8. c3 0-0-0 9. Qc2 e5 10. d5 Ne7 11. c4 Nf5 12. 0-0 Nd4 13. Qc3 Rg8 14. Bd1 g5 15. Be3 g4 16. hxg4 Nxg4 17. Bxd4 exd4 18. Qxd4 b6 19. Nd2 Bc5 20. Qd3 Ne5 21. Qc2 Qh3 22. Qe4 f5 23. Bg4 Rxg4 0-1

[Event "Sydney op-A"]
[Site "Parramatta"]
[Date "2008.03.26"]
[Round "2"]
[White "Haessler, Carl A"]
[Black "Watson, James"]
[Result "1-0"]
[WhiteElo "2147"]
[BlackElo "1923"]
[PlyCount "105"]
[EventDate "2008.03.25"]
[EventType "swiss"]
[EventRounds "9"]
[EventCountry "AUS"]
[SourceTitle "EXT 2023"]
[Source "ChessBase"]
[SourceDate "2022.10.05"]
[SourceVersion "1"]
[SourceVersionDate "2022.10.05"]
[SourceQuality "1"]

1. e4 d5 2. Nc3 Nf6 3. e5 d4 4. exf6 dxc3 5. fxg7 cxd2+ 6. Qxd2 Qxd2+ 7. Bxd2 Bxg7 8. 0-0-0 Be6 9. Kb1 Nd7 10. Nf3 h6 11. Be3 Nb6 12. Nd4 0-0-0 13. Be2 Bd5 14. f3 Nc4 15. Bc1 e6 16. b3 Nb6 17. Be3 Bxd4 18. Rxd4 Bc6 19. c4 Rxd4 20. Bxd4 Rg8 21. g3 Nd7 22. Rd1 e5 23. Bc3 h5 24. Kc2 h4 25. g4 f5 26. Kd2 e4 27. fxe4 Bxe4 28. Ke3 Re8 29. Kf4 Nc5 30. gxf5 Bxf5 31. Bh5 Rf8 32. Ke3 Ne4 33. Be1 Nf6 34. Bf3 Ng4+ 35. Bxg4 Bxg4 36. Rd4 Re8+ 37. Kf4 Rxe1 38. Kxg4 Re2 39. h3 Rxa2 40. Kxh4 Ra3 41. b4 Ra4 42. b5 c6 43. bxc6 b5 44. Kg5 Rxc4 45. Rxc4 bxc4 46. Kf4 a5 47. Ke3 a4 48. Kd2 a3 49. Kc1 Kc7 50. h4 c3 51. Kb1 Kxc6 52. h5 Kc5 53. h6 1-0

[Event "AUS-ch Major"]
[Site "Parramatta"]
[Date "2008.01.09"]
[Round "9"]
[White "Watson, James"]
[Black "Cohn, Jason"]
[Result "1-0"]
[WhiteElo "1853"]
[BlackElo "1729"]
[PlyCount "57"]
[EventDate "2008.01.02"]
[EventType "swiss"]
[EventRounds "11"]
[EventCountry "AUS"]
[SourceTitle "EXT 2010"]
[Source "ChessBase"]
[SourceDate "2010.11.25"]
[SourceVersion "1"]
[SourceVersionDate "2010.11.25"]
[SourceQuality "1"]

1. e4 c5 2. Nc3 Nc6 3. f4 d6 4. Nf3 Bg4 5. Bb5 e6 6. 0-0 Nge7 7. h3 Bxf3 8. Qxf3 a6 9. Bxc6+ Nxc6 10. f5 Ne5 11. Qg3 h5 12. d3 h4 13. Qf2 Qf6 14. Qe2 Be7 15. fxe6 Qxe6 16. Nd5 Rc8 17. Be3 Ng6 18. Rf5 Nf8 19. Raf1 g6 20. R5f3 Nd7 21. Qf2 Ne5 22. Nf6+ Kd8 23. Rf4 g5 24. Rf5 g4 25. Nxg4 Rg8 26. Nxe5 dxe5 27. Kh1 Kd7 28. Rxf7 Rcf8 29. Bxc5 1-0

[Event "Canberra ANU op"]
[Site "Canberra"]
[Date "2007.07.28"]
[Round "4"]
[White "Russell, Luthien"]
[Black "Watson, James"]
[Result "0-1"]
[WhiteElo "1269"]
[BlackElo "1863"]
[PlyCount "82"]
[EventDate "2007.07.28"]
[EventType "swiss"]
[EventRounds "7"]
[EventCountry "AUS"]
[SourceTitle "EXT 2010"]
[Source "ChessBase"]
[SourceDate "2010.11.25"]
[SourceVersion "1"]
[SourceVersionDate "2010.11.25"]
[SourceQuality "1"]

1. e4 d5 2. exd5 Nf6 3. d4 Bg4 4. Be2 Bxe2 5. Nxe2 Qxd5 6. 0-0 Nc6 7. Nbc3 Qf5 8. Ng3 Qg6 9. Re1 0-0-0 10. Be3 e6 11. Qf3 h5 12. a4 h4 13. Nge2 Qxc2 14. Rec1 Qf5 15. Qxf5 exf5 16. Rd1 a6 17. Rac1 Bd6 18. Nf4 Bxf4 19. Bxf4 Rxd4 20. Rxd4 Nxd4 21. b4 Ne4 22. Kf1 Nxc3 23. Rxc3 Ne6 24. Be3 Rd8 25. Ke2 f4 26. Bc1 Nd4+ 27. Ke1 g5 28. Bb2 Nc6 29. b5 axb5 30. axb5 Ne5 31. Ke2 Rd5 32. b6 c6 33. Ra3 Nc4 34. Ra8+ Kd7 35. Bf6 Nxb6 36. Rd8+ Ke6 37. Rxd5 Nxd5 38. Bxg5 h3 39. gxh3 Kf5 40. h4 Kg6 41. Kd3 f6 0-1

[Event "New South Wales Junior Masters"]
[Site "Sydney"]
[Date "2003.04.24"]
[Round "3"]
[White "Ikeda, Junta"]
[Black "Watson, James"]
[Result "1/2-1/2"]
[WhiteElo "1460"]
[BlackElo "1573"]
[PlyCount "40"]
[EventDate "2003.04.??"]
[EventType "tourn"]
[EventRounds "9"]
[EventCountry "AUS"]
[SourceTitle "EXT 2005"]
[Source "ChessBase"]
[SourceDate "2004.11.15"]
[SourceVersion "1"]
[SourceVersionDate "2004.11.15"]
[SourceQuality "1"]

1. d4 Nf6 2. Nf3 c5 3. e3 e6 4. c3 cxd4 5. exd4 d5 6. Bd3 Nbd7 7. Bf4 Nh5 8. Bg3 Nxg3 9. hxg3 Bd6 10. Nbd2 h6 11. 0-0 0-0 12. Re1 Qb6 13. Nb3 Re8 14. Bc2 Nf8 15. Qd3 Bd7 16. a4 Rac8 17. Ne5 Bxe5 18. Rxe5 Qc7 19. f4 b6 20. Nd2 Qd8 1/2-1/2

[Event "New South Wales Junior Masters"]
[Site "Sydney"]
[Date "2003.04.23"]
[Round "1"]
[White "Song, Angela"]
[Black "Watson, James"]
[Result "0-1"]
[WhiteElo "1394"]
[BlackElo "1573"]
[PlyCount "74"]
[EventDate "2003.04.??"]
[EventType "tourn"]
[EventRounds "9"]
[EventCountry "AUS"]
[SourceTitle "EXT 2005"]
[Source "ChessBase"]
[SourceDate "2004.11.15"]
[SourceVersion "1"]
[SourceVersionDate "2004.11.15"]
[SourceQuality "1"]

1. d4 Nf6 2. Bg5 d5 3. Bxf6 exf6 4. e3 Be6 5. Bd3 Bd6 6. Nc3 c6 7. h3 Nd7 8. Nf3 Qb6 9. Qd2 Qxb2 10. Rb1 Qa3 11. 0-0 Qa5 12. Ne4 Bc7 13. Qxa5 Bxa5 14. Nd6+ Ke7 15. Nf5+ Bxf5 16. Bxf5 b6 17. Rfc1 b5 18. Rb3 Bc7 19. Rcb1 Nb6 20. Rc3 Nc4 21. Rcb3 a5 22. Re1 g6 23. Bd3 f5 24. Rbb1 Nd6 25. Ne5 Ra6 26. a4 f6 27. Nf3 Rb6 28. axb5 cxb5 29. Nd2 a4 30. Rb4 Rbb8 31. Rbb1 Ba5 32. Red1 Bc3 33. Kf1 b4 34. Be2 Ne4 35. Nxe4 fxe4 36. f3 f5 37. fxe4 fxe4 0-1

[Event "New South Wales Junior Masters"]
[Site "Sydney"]
[Date "2003.04.22"]
[Round "9"]
[White "Watson, James"]
[Black "Huddleston, Heather"]
[Result "1/2-1/2"]
[WhiteElo "1573"]
[BlackElo "1471"]
[PlyCount "72"]
[EventDate "2003.04.??"]
[EventType "tourn"]
[EventRounds "9"]
[EventCountry "AUS"]
[SourceTitle "EXT 2005"]
[Source "ChessBase"]
[SourceDate "2004.11.15"]
[SourceVersion "1"]
[SourceVersionDate "2004.11.15"]
[SourceQuality "1"]

1. d4 Nf6 2. c4 c5 3. d5 d6 4. Nc3 g6 5. e4 Bg7 6. f4 0-0 7. Nf3 a6 8. Be2 e6 9. 0-0 exd5 10. cxd5 Bg4 11. e5 dxe5 12. fxe5 Nfd7 13. Bg5 Qb6 14. Be7 Re8 15. d6 Qxb2 16. Nd5 Bxf3 17. Bxf3 Qxe5 18. Qb3 Nc6 19. Qxb7 Nd4 20. Nc7 Rab8 21. Qd5 Rxe7 22. dxe7 Qxc7 23. Rab1 Nb6 24. Rbe1 Nxd5 25. e8Q+ Rxe8 26. Rxe8+ Bf8 27. Bxd5 Ne6 28. Bxe6 fxe6 29. Rfxf8+ Kg7 30. Rf2 c4 31. Rxe6 Qd7 32. Re1 Qd4 33. h3 c3 34. Ree2 Qd1+ 35. Kh2 Qd6+ 36. g3 Qd3 1/2-1/2

[Event "AUS-ch U18"]
[Site "Adelaide"]
[Date "2003.01.16"]
[Round "5"]
[White "Xie, George Wendi"]
[Black "Watson, James"]
[Result "1-0"]
[WhiteElo "2186"]
[BlackElo "1639"]
[PlyCount "52"]
[EventDate "2003.01.??"]
[EventType "swiss"]
[EventRounds "11"]
[EventCountry "AUS"]
[SourceTitle "EXT 2006"]
[Source "ChessBase"]
[SourceDate "2005.11.24"]
[SourceVersion "1"]
[SourceVersionDate "2005.11.24"]
[SourceQuality "1"]

1. e4 c5 2. d4 cxd4 3. c3 dxc3 4. Nxc3 d6 5. Nf3 Nc6 6. Bc4 a6 7. 0-0 Nf6 8. Be3 e6 9. Qe2 Be7 10. Rfd1 Qc7 11. Rac1 0-0 12. Bb3 Bd7 13. Bf4 Nh5 14. Be3 Nf6 15. h3 b5 16. Bf4 Rfd8 17. Nd5 exd5 18. exd5 Qb7 19. dxc6 Bxc6 20. Rxc6 Qxc6 21. Qxe7 Rd7 22. Qe3 Re8 23. Qd3 h6 24. Nd4 Qc5 25. Rc1 Qh5 26. g4 Qg6 1-0